THE DEVELOPMENT OF ADPTIVE INTELLIGENCE (Record no. 132)

000 -LEADER
fixed length control field 00275nam a22000977a 4500
008 - FIXED-LENGTH DATA ELEMENTS--GENERAL INFORMATION
fixed length control field 150819b xxu||||| |||| 00| 0 eng d
020 ## - INTERNATIONAL STANDARD BOOK NUMBER
International Standard Book Number 0875892248
082 ## -
Classification number 153.8 DEV
245 ## - TITLE STATEMENT
Title THE DEVELOPMENT OF ADPTIVE INTELLIGENCE
260 ## - PUBLICATION, DISTRIBUTION, ETC. (IMPRINT)
Place of publication, distribution, etc. WASHINGTON
Name of publisher, distributor, etc. JOSSEY BASS PUBLISHERS
Date of publication, distribution, etc. 153.8 DEV
Holdings
Withdrawn status Lost status Source of classification or shelving scheme Damaged status Koha normalized classification for sorting Not for loan Home library Current library Date acquired Total Checkouts Full call number Barcode Date last seen Price effective from Koha item type
        153_800000000000000_DEV   Dodoma Dodoma 19/08/2015   153.8 DEV 000000002292 29/07/2019 19/08/2015 BOOKS

IRDP © 2019 :: Managed by IRDP ICT Unit